000 00598nam a2200193 i 4500
001 184729
003 ES-MaACL
005 20250827062642.0
008 151119s1865 sp |||| | spa d
110 1 _aEspaña
_93622
243 1 0 _a[Leyes, etc. de minas]
245 1 0 _aColección legislativa de minas.
250 _aEd. oficial.
260 _a[S.l.] :
_b[s.n.],
_c1865 (
_eMadrid :
_fImp. Nacional)
300 _a232 p., [1] h. pleg., [1] h. pleg. de plano ;
_c23 cm.
650 _aMinas-
_xDerecho y legislación-
_zEspaña.
_9175982
852 _aES-MaACL
_jG-2722
999 _c184729
_d184729